000 00706nam a2200241 i 4500
001 C2-0322621
003 PPAK
005 20180728121447.0
008 130814s2012 my |||| ||||| | ara d
020 _a9789673737017
040 _aPPAK
_beng
_cPPAK
_erda
082 0 4 _a492.7
_223
090 0 0 _a492.7
_bAHM
_dR
100 0 _aAhmed Hafiz Che Abdullah,
_eauthor
245 1 0 _aPasport PMR :
_bKoleksi karangan Bahasa Arab
264 1 _aPetaling Jaya, Selangor :
_bInfo-Didik ,
_c2012
300 _avi, 114 pages ;
_c21 cm
336 _2rdacontent
_atext
337 _2rdamedia
_aunmediated
338 _2rdacarrier
_avolume
650 1 0 _aArabic language - Composition and exercises.
942 _ddc
_cB
999 _c122869
_d122869